Top 20 biggest cities in Latium/Lazio - Statistics

General Stats
  • This quiz has been taken 33 times
  • The average score is 13 of 20
Answer Stats
Answer Province Population % Correct
Latina 127.861
100%
Roma 2.749.031
100%
Viterbo 65.931
96%
Frosinone 43.830
92%
Rieti 45.557
83%
Anzio RM 58.593
79%
Civitavecchia RM 51.880
75%
Fiumicino RM 80.738
75%
Aprilia LT 74.119
67%
Tivoli RM 55.176
67%
Guidonia Montecelio RM 88.642
63%
Nettuno RM 48.159
54%
Pomezia RM 64.005
54%
Terracina LT 44.504
54%
Velletri RM 52.472
54%
Marino RM 46.048
38%
Ardea RM 48.864
33%
Monterotondo RM 41.060
33%
Albano Laziale RM 39.674
29%
Ladispoli RM 40.593
25%
No matching quizzes found
Score Distribution
Percent of People with Each Score
Percentile by Number Answered
Your Score History
You have not taken this quiz